Труды Научно-исследовательского института музееведения. Очерки истории музейного дела в СССР (Запись № 3047965)

Подробности
000 -МАРКЕР
контрольное поле 02880nas2a22004211i 4500
001 - ИДЕНТИФИКАТОР ЗАПИСИ
контрольное поле RU\NLR\IC100\5000003608
005 - ИДЕНТИФИКАТОР ВЕРСИИ
контрольное поле 20260407061755.0
035 ## - ДРУГИЕ СИСТЕМНЫЕ НОМЕРА
Идентификатор записи (NLR Aleph) 002554320
100 ## - ДАННЫЕ ОБЩЕЙ ОБРАБОТКИ
Данные общей обработки 20040609b19571963|||y0rusy50 ca
101 0# - ЯЗЫК РЕСУРСА
Язык текста, звукозаписи и т.д. русский
102 ## - СТРАНА ПУБЛИКАЦИИ ИЛИ ПРОИЗВОДСТВА
Страна публикации Российская Федерация
110 ## - ПОЛЕ КОДИРОВАННЫХ ДАННЫХ: ПРОДОЛЖАЮЩИЕСЯ РЕСУРСЫ
Кодированные данные продолжающегося ресурса zyu||||0|y0
200 1# - ЗАГЛАВИЕ И СВЕДЕНИЯ ОБ ОТВЕТСТВЕННОСТИ
Основное заглавие Очерки истории музейного дела в СССР
Первые сведения об ответственности М-во культуры РСФСР. Науч.-исслед. ин-т музееведения и охраны памятников истории и культуры
207 #1 - ОБЛАСТЬ СПЕЦИФИЧЕСКИХ СВЕДЕНИЙ: НУМЕРАЦИЯ ПРОДОЛЖАЮЩИХСЯ РЕСУРСОВ
Нумерация: даты и обозначения томов [Вып.1]-7
210 ## - ПУБЛИКАЦИЯ, РАСПРОСТРАНЕНИЕ И ДР.
Место издания, распространения и т.д. М.
Дата издания, распространения и т.д. 1957-1963
225 2# - СЕРИЯ
Основное заглавие серии Труды Научно-исследовательского института музееведения
Обозначение тома ...
311 ## - ПРИМЕЧАНИЯ, ОТНОСЯЩИЕСЯ К ПОЛЯМ СВЯЗИ (ПРИМЕЧАНИЯ О СВЯЗИ С ДРУГИМИ ПРОИЗВЕДЕНИЯМИ (ИЗДАНИЯМИ))
Текст примечания С вып. 6 (1968) выходит самостоятельно (шифр: П51/110)
430 #1 - ПРОДОЛЖЕН
Встроенное поле 2001#$aИстория музейного дела в СССР
Заглавие История музейного дела в СССР
430 #1 - ПРОДОЛЖЕН
Встроенное поле 2001#$aОчерки истории музейного дела в России
Заглавие Очерки истории музейного дела в России
430 #1 - ПРОДОЛЖЕН
Встроенное поле 2001#$aВопросы истории музейного дела в СССР
Заглавие Вопросы истории музейного дела в СССР
461 #0 - УРОВЕНЬ НАБОРА
Встроенное поле 001RU\NLR\INFOCOMM5\1000358105
-- 2001#$aТруды Научно-исследовательского института музееведения
Системный номер (АБИС) связанной записи 2935685
Автор НИИ музееведения (Москва)
Место публикации М.
Дата публикации 1957-
Имя издателя, распространителя и т.д. Госкультпросветиздат
Заглавие Труды Научно-исследовательского института музееведения
712 02 - НАИМЕНОВАНИЕ ОРГАНИЗАЦИИ - ВТОРИЧНАЯ ОТВЕТСТВЕННОСТЬ
Код отношения Прочие
Начальный элемент ввода НИИ музееведения
Идентифицирующий признак Москва
Идентификатор авторитетной/нормативной записи RU\NLR\AUTH\8810028853
Системный номер авторитетной/нормативной записи 556271
801 #1 - ИСТОЧНИК ЗАПИСИ
Страна Российская Федерация
Организация InfoComm
Дата составления 20040609
801 #0 - ИСТОЧНИК ЗАПИСИ
Страна Российская Федерация
Организация NLR
Правила каталогизации PSBO
852 ## - МЕСТОНАХОЖДЕНИЕ И ШИФР ХРАНЕНИЯ
Идентификатор организации NLR
Шифр хранения (Call Number) П28/796
942 ## - ДОПОЛНИТЕЛЬНЫЕ ЭЛЕМЕНТЫ ЗАПИСИ (АБИС)
Тип экземпляра АБИС Продолжающееся издание
980 ## - КОЛЛЕКЦИЯ
Название коллекции Русская периодика

Нет доступных экземпляров.